| 000 | 00992cam a2200313 i 4500 | ||
|---|---|---|---|
| 001 | 949466 | ||
| 003 | TR-AnTOB | ||
| 005 | 20241112162029.0 | ||
| 007 | ta | ||
| 008 | 220810t19711963enk 000 0 eng d | ||
| 020 | _a0194321908 | ||
| 040 |
_aOUN _beng _erda _cOUN _dTR-AnTOB |
||
| 041 | 0 | _aeng | |
| 050 |
_aPE1128 _b.G73 1971 |
||
| 090 |
_aPE1128 _b.G73 1971 |
||
| 100 | 1 |
_aGraver, B. D. _eauthor _9138105 |
|
| 245 | 1 | 0 |
_aAdvanced English practice / _c[by] B. D. Graver. |
| 250 | _aSecond edition with key | ||
| 264 | 1 |
_aLondon : _bOxford University Press, _c[1971] |
|
| 264 | 4 | _c©1963 | |
| 300 |
_axviii, 365 pages ; _c21 cm |
||
| 336 |
_atext _btxt _2rdacontent |
||
| 337 |
_aunmediated _bn _2rdamedia |
||
| 338 |
_avolume _bnc _2rdacarrier |
||
| 650 | 0 |
_aEnglish language _xGrammar _xStudy and teaching _xForeign speakers _967602 |
|
| 650 | 0 |
_aEnglish language _vTextbooks for foreign speakers _xTextbooks for foreign speakers _967636 |
|
| 942 |
_2lcc _cBK |
||
| 999 |
_c200449425 _d67637 |
||